50 Personnalités francophones #1 - Statistiques

Statistiques générales
  • Ce quiz a été pris 184 fois
  • Le résultat moyen est 25 sur 50
Statistiques - réponses
Par images Réponse % Correct
Jul
92%
Pierre Niney
91%
Léon Marchand
90%
Orelsan
90%
Léa Salamé
87%
Gabriel Attal
85%
Karine Lemarchand
85%
Vanessa Paradis
84%
Angele
80%
Camille Combal
80%
Eric Antoine
80%
Mylène Farmer
80%
Catherine Deneuve
75%
Squeezie
73%
Adèle Exarchopoulos
72%
Eric Dupont-Moretti
72%
Léna Situations
72%
Pierre Garnier
70%
Pomme
70%
Audrey Fleurot
69%
Segolène Royal
65%
Alexandre Astier
61%
Kevin Mayer
57%
David Douillet
55%
Faustine Bollaert
49%
Marie-José Perec
49%
Mouloud Achour
49%
Panayotis Pascot
44%
Cédric Villani
39%
Charlotte Cardin
39%
Tahar Rahim
38%
Bruce Toussaint
37%
Jane Birkin
36%
Marine Lorphelin
35%
Julie Gayet
30%
Sofiane Pamart
25%
Nina Métayer
22%
Karim Leklou
20%
Violette Dorange
19%
Jacques Audiard
18%
Justine Triet
18%
Simon Porte Jacquemus
18%
Veronic Dicaire
16%
Bruno Sanches
12%
David Foenkinos
11%
Leila Slimani
11%
Philippine Leroy-Beaulieu
10%
Benjamin Baroche
8%
Marc Simoncini
7%
Joël Dicker
6%
Aucun quiz correspondant
Distribution des résultats
% des personnes avec chaque résultat
Percentile par nombre de réponses
Votre historique - résultats
Vous n’avez pas pris ce quiz